| 000 | 00605nam a22001933a 4500 | ||
|---|---|---|---|
| 005 | 20251023063914.0 | ||
| 008 | 010508s1982 fr r 000 0 eng d | ||
| 035 | _aUPN01000106177 | ||
| 049 | _aUNE | ||
| 050 | 4 |
_aLB2947 _bB6.6 |
|
| 100 | 1 |
_aBordia, Anil, _d1934-2012 _935698 |
|
| 245 | 1 | 0 |
_aPlanning and administration of national literacy programes : _bthe indian experience / _cAnil Bordia. |
| 260 |
_aParís : _bUNESCO : _bIIEP, _c1982. |
||
| 300 | _a83 p. | ||
| 440 | 0 |
_aIIEP research report ; _v47 |
|
| 650 | 4 |
_aEducación _zIndia _916595 |
|
| 650 | 4 |
_aAdministración educativa _9498 |
|
| 905 | _aLibro | ||
| 999 |
_c80090 _d80090 |
||